000 00947nas a2200289 4500
001 BR0707023
003 BR-BrBNA
005 20231205111333.0
007 ta
008 230509b bl.|||p| |||| 00| 00por d
040 _aBR-BrBNA
_bpor
_cBiblioteca Nacional de Agricultura
041 _a(Pt)
072 _aL73; L50
100 1 _aElias, A.O.
100 1 _aVictoria, C.
100 1 _aSilva, A.V. da
100 1 _aLangoni, H.
245 1 _aCaracterísticas físico-químicas e contagem de células somáticas de leite proveniente de vacas naturalmente infectadas por Streptococcus spp
650 _aVACA DE LEITE
650 _aMASTITE
650 _aPROPRIEDADE FISICO-QUIMICA
650 _aCELULA
650 _aLEITE
773 0 _tArquivos de Ciências Veterinárias e Zoologia da UNIPAR (Brazil)
_xISSN 1415-8167
_g(Jul-Dec 2005), v. 8(2) p. 163-170
_wBR0707023
909 _a202311
_bLúcia
_c55
_dLúcia Elande
942 _2AGRIS
_n0
_cANA
999 _c192119
_d192119